| 000 | 00824cam a22002532 4500 | ||
|---|---|---|---|
| 001 | 27036 | ||
| 003 | BD-RjUL | ||
| 005 | 20211209051114.0 | ||
| 008 | 140324r19661965enkb 001 0 eng d | ||
| 035 |
_aOCLC ocm01337258 from D961004M _a(BD-RjUL)27107 |
||
| 040 |
_cHIR _dOCL _dUKM _dBD-RjUL _aBD-RjUL _beng |
||
| 041 | _aeng | ||
| 082 |
_a956 _bSAH 1966 |
||
| 100 | 1 |
_aSaunders, J. J. _q(John Joseph), _d1910-1972. _983055 |
|
| 245 | 1 | 2 |
_aA history of medieval Islam / _cby J.J. Saunders. |
| 250 | _a2nd Impression | ||
| 260 |
_aLondon : _bRoutledge and Kegan Paul, _c1965 [Impression 1966] |
||
| 300 |
_axv, 219 p. : _bmaps. ; _c22 cm. |
||
| 504 | _aIncludes bibliographies and index. | ||
| 650 | 0 |
_aIslam _xHistory. _983056 |
|
| 651 | 0 |
_aIslamic countries _xHistory. _95676 |
|
| 942 |
_2ddc _cBK |
||
| 999 |
_c27036 _d27036 |
||